| 000 | 00792nam a2200229 a 4500 | ||
|---|---|---|---|
| 005 | 20240924064453.0 | ||
| 008 | 991125s1997 mx 000 0 spa u | ||
| 035 | _aUPN01000000057 | ||
| 049 | _aTES | ||
| 099 | _a12868 | ||
| 100 | 1 | _aMillán Soto, Mario | |
| 245 | 1 | 0 |
_a20 años del preescolar indígena a través de una experiencia personal profesional 1974-1994 / _cMario Millán Soto. |
| 260 |
_aMéxico : _bM. Millán Soto, _c1997. |
||
| 300 | _a49 h. | ||
| 500 | _a"Unidad 092" | ||
| 502 | _aTesina (Lic. en Educación Indígena) -- Universidad Pedagógica Nacional, 1997 | ||
| 650 | 4 |
_aIndígenas de México _xEducación _910 |
|
| 650 | 4 |
_aEducación preescolar _91517 |
|
| 710 | 2 |
_aUniversidad Pedagógica Nacional (México). _bUnidad Ajusco |
|
| 905 | _aTesis | ||
| 999 |
_c57 _d57 |
||